000 00946cam a22002654a 4500
999 _c12260
_d12260
003 OSt
005 20231120112103.0
008 110624s2012 dcuab b 001 0 eng
010 _a 2011026670
020 _a9781597266918
040 _aBMSCA
041 _aEng
082 0 0 _a307.12160
_223
_bTAL
100 1 _aTalen, Emily,
_d1958-
245 1 0 _aCity rules :
_bhow regulations affect urban form /
_cEmily Talen ; [foreword by Andrés Duany].
260 _aWashington, DC :
_bIsland Press,
_cc2012.
300 _axiii, 236 p. :
_bill. (chiefly col.), maps (chiefly col.) ;
_c26 cm.
504 _aIncludes bibliographical references and index.
505 0 _aIntroduction -- Regulating place -- Pattern -- Use -- Form -- Reform -- Conclusion.
650 0 _aCity planning
_zUnited States.
650 0 _aCity planning and redevelopment law
_zUnited States.
650 0 _aZoning law
_zUnited States.
700 1 _aDuany, Andres.
942 _2ddc